[Event "Gatineau Service des Loisirs"]
[Site "Gatineau CAN"]
[Date "2012.11.06"]
[Round "4"]
[White "Pilon, Robert"]
[Black "Dagenais, Benoit"]
[Result "0-1"]
[WhiteElo "1553"]
[BlackElo "1730"]
[PlyCount "50"]
[GameId "2160767909411796"]
[EventDate "2012.10.16"]
[EventType "swiss"]
[EventRounds "4"]
[EventCountry "CAN"]
[SourceTitle "EXT 2022"]
[Source "ChessBase"]
[SourceDate "2021.10.06"]
[SourceVersion "1"]
[SourceVersionDate "2021.10.06"]
[SourceQuality "1"]

1. e4 e5 2. Nf3 Nc6 3. Bc4 Nf6 4. d3 Bc5 5. b4 Bxb4+ 6. c3 Ba5 7. Ba3 d6 8. Qb3 O-O 9. O-O Qe7 10. Nbd2 Bb6 11. Bd5 Nxd5 12. exd5 Na5 13. Qc2 Bf5 14. Rfe1 Qf6 15. Ne4 Bxe4 16. dxe4 Rac8 17. c4 c6 18. Qd2 Nxc4 19. Qd3 Nxa3 20. Qxa3 cxd5 21. exd5 Rc5 22. Red1 Rfc8 23. Rac1 e4 24. Nd2 Rxc1 25. Rxc1 Qxf2+ 0-1

[Event "Gatineau Service des Loisirs"]
[Site "Gatineau CAN"]
[Date "2012.11.06"]
[Round "4"]
[White "Raymond, Daniel"]
[Black "Lavergne, Daniel"]
[Result "0-1"]
[WhiteElo "1551"]
[BlackElo "1751"]
[PlyCount "152"]
[GameId "2160767909411797"]
[EventDate "2012.10.16"]
[EventType "swiss"]
[EventRounds "4"]
[EventCountry "CAN"]
[SourceTitle "EXT 2022"]
[Source "ChessBase"]
[SourceDate "2021.10.06"]
[SourceVersion "1"]
[SourceVersionDate "2021.10.06"]
[SourceQuality "1"]

1. e4 c5 2. Nf3 d6 3. d4 cxd4 4. Nxd4 Nf6 5. Nc3 g6 6. Be3 Bg7 7. f3 O-O 8. Qd2 Nc6 9. Be2 d5 10. O-O-O dxe4 11. fxe4 Qc7 12. Nd5 Nxd5 13. exd5 Ne5 14. h4 Ng4 15. h5 Bd7 16. hxg6 fxg6 17. Rde1 Rac8 18. Bxg4 Bxg4 19. c3 Qg3 20. Bh6 Rf2 21. Qe3 Qxe3+ 22. Bxe3 Rxg2 23. Rhg1 Rxg1 24. Bxg1 Bf6 25. Ne6 a6 26. Kd2 Bf3 27. d6 exd6 28. Bd4 Bh4 29. Re3 Bd5 30. a3 Re8 31. Rh3 Rxe6 32. Rxh4 g5 33. Rg4 Rg6 34. Rg1 h5 35. Re1 Kf7 36. b4 g4 37. Rf1+ Bf3 38. c4 h4 39. Ke3 h3 40. Rf2 Ke6 41. Kf4 Rg8 42. Kg3 Kf5 43. Bb6 Ke4 44. Rd2 Rg6 45. Rd4+ Ke5 46. Rd2 Rh6 47. Be3 Rh7 48. Bf4+ Kf5 49. Bxd6 Rh6 50. c5 Re6 51. Bf4 Re1 52. Bd6 Ra1 53. b5 axb5 54. Rb2 Rg1+ 55. Kh4 Rg2 56. Rxb5 Ke6 57. Rb1 Ra2 58. Re1+ Kd5 59. Rb1 h2 60. Bxh2 Rxh2+ 61. Kg3 Rg2+ 62. Kf4 Kxc5 63. Ra1 Rc2 64. a4 Rc4+ 65. Kg3 Bc6 66. a5 Bd7 67. a6 bxa6 68. Rxa6 Rc3+ 69. Kf4 Kd5 70. Ra5+ Kd4 71. Ra1 Rf3+ 72. Kg5 Ke3 73. Re1+ Kf2 74. Rd1 Bf5 75. Rd2+ Kg3 76. Rb2 Kh3 0-1

[Event "Gatineau Service des Loisirs"]
[Site "Gatineau CAN"]
[Date "2012.11.06"]
[Round "4"]
[White "Rose, Richard1"]
[Black "Guimond, Michel"]
[Result "1/2-1/2"]
[WhiteElo "1839"]
[BlackElo "1977"]
[PlyCount "83"]
[GameId "2160767909411798"]
[EventDate "2012.10.16"]
[EventType "swiss"]
[EventRounds "4"]
[EventCountry "CAN"]
[SourceTitle "EXT 2022"]
[Source "ChessBase"]
[SourceDate "2021.10.06"]
[SourceVersion "1"]
[SourceVersionDate "2021.10.06"]
[SourceQuality "1"]

1. e4 e6 2. d4 d5 3. Nc3 Bb4 4. exd5 exd5 5. Bd3 c6 6. Qf3 Ne7 7. Nge2 Nd7 8. O-O Nf6 9. h3 Ng6 10. Nf4 Bd6 11. Re1+ Kf8 12. Nh5 Nxh5 13. Qxh5 Nf4 14. Bxf4 Bxf4 15. Ne2 Bd2 16. Red1 Ba5 17. c3 Qd6 18. Re1 Bc7 19. g3 h6 20. Nf4 Qf6 21. Qe2 Bd7 22. Nh5 Qd6 23. Kg2 g6 24. Nf4 Qf6 25. Qd2 Kg7 26. Re2 h5 27. Rae1 Bd6 28. Bb1 h4 29. Rh1 Rae8 30. Rxe8 Rxe8 31. Nd3 hxg3 32. fxg3 Rh8 33. Qf2 Qg5 34. Nf4 Re8 35. h4 Qg4 36. Qf3 Bxf4 37. Qxg4 Bxg4 38. gxf4 Re2+ 39. Kg3 Bh5 40. Rh2 Re3+ 41. Kg2 Re2+ 42. Kg3 1/2-1/2

[Event "Gatineau Service des Loisirs"]
[Site "Gatineau CAN"]
[Date "2012.11.06"]
[Round "4"]
[White "Traversy, Pierre"]
[Black "Kouassi, Karen"]
[Result "0-1"]
[WhiteElo "1134"]
[BlackElo "1146"]
[PlyCount "76"]
[GameId "2160767909411799"]
[EventDate "2012.10.16"]
[EventType "swiss"]
[EventRounds "4"]
[EventCountry "CAN"]
[SourceTitle "EXT 2022"]
[Source "ChessBase"]
[SourceDate "2021.10.06"]
[SourceVersion "1"]
[SourceVersionDate "2021.10.06"]
[SourceQuality "1"]

1. d4 d5 2. Nf3 Nc6 3. Bd2 Bg4 4. e3 Nf6 5. a3 h6 6. Be2 Bf5 7. Nc3 e6 8. Bb5 a6 9. Bxc6+ bxc6 10. Ne5 Qd6 11. Qc1 c5 12. Nf3 Rb8 13. dxc5 Qxc5 14. Nd4 Bd6 15. Nxf5 exf5 16. h3 O-O 17. b4 Qc4 18. Ne2 Rfe8 19. O-O Qxe2 20. Re1 Qc4 21. Rb1 c6 22. Rb3 Qh4 23. Qd1 Ne4 24. Qe2 Re6 25. Rd3 Rg6 26. Qf3 Ng5 27. Qxf5 Nxh3+ 28. Kf1 Rf6 29. Rd4 Rxf5 30. Re2 Rxf2+ 31. Ke1 Rxe2+ 32. Kxe2 Qf2+ 33. Kd3 Qxg2 34. c4 c5 35. Rxd5 Qg6+ 36. Ke2 Qg4+ 37. Kd3 Nf2+ 38. Kc2 Qxc4+ 0-1

[Event "Gatineau op-A"]
[Site "Gatineau CAN"]
[Date "2012.03.02"]
[Round "1"]
[White "Cossette, Daniel"]
[Black "Donev, Danail"]
[Result "1-0"]
[WhiteElo "1983"]
[BlackElo "1922"]
[PlyCount "73"]
[GameId "2160767909576112"]
[EventDate "2012.03.02"]
[EventType "swiss"]
[EventRounds "5"]
[EventCountry "CAN"]
[SourceTitle "EXT 2022"]
[Source "ChessBase"]
[SourceDate "2021.10.06"]
[SourceVersion "1"]
[SourceVersionDate "2021.10.06"]
[SourceQuality "1"]

1. e4 c5 2. Nc3 d6 3. g3 Nc6 4. Bg2 g6 5. d3 Bg7 6. f4 e6 7. Nf3 Nge7 8. O-O O-O 9. Be3 Rb8 10. Qd2 b5 11. d4 b4 12. Ne2 c4 13. c3 d5 14. Ne5 a5 15. Nxc6 Nxc6 16. f5 exf5 17. exd5 Ne7 18. d6 Qxd6 19. Bf4 Qb6 20. Bxb8 Qxb8 21. Nf4 Qd6 22. Rfe1 Nc6 23. Qe2 Ba6 24. Rad1 Rb8 25. Nd5 Bf8 26. Qf3 Bb7 27. Qf4 Qxf4 28. Nxf4 Ne7 29. Bxb7 Rxb7 30. Re5 bxc3 31. bxc3 g5 32. Nd5 Ng6 33. Rxf5 Rb2 34. Rf2 Rb8 35. Ne3 Rc8 36. Rb1 Ba3 37. Rf5 1-0

[Event "Gatineau op-A"]
[Site "Gatineau CAN"]
[Date "2012.03.02"]
[Round "1"]
[White "Hamilton, Robert"]
[Black "Sadeghi, Saeid"]
[Result "1-0"]
[WhiteElo "2319"]
[BlackElo "2051"]
[PlyCount "60"]
[GameId "2160767909576113"]
[EventDate "2012.03.02"]
[EventType "swiss"]
[EventRounds "5"]
[EventCountry "CAN"]
[SourceTitle "EXT 2022"]
[Source "ChessBase"]
[SourceDate "2021.10.06"]
[SourceVersion "1"]
[SourceVersionDate "2021.10.06"]
[SourceQuality "1"]

1. d4 d5 2. Nf3 Nf6 3. e3 e6 4. c4 Bb4+ 5. Bd2 c5 6. Bxb4 cxb4 7. a3 Nc6 8. axb4 Nxb4 9. Qa4+ Nc6 10. Nc3 O-O 11. b4 dxc4 12. Bxc4 Nd5 13. Bxd5 exd5 14. b5 Ne7 15. O-O Ng6 16. Qb3 Be6 17. Ra3 a5 18. b6 Ra6 19. Rb1 Bf5 20. Rb2 Be4 21. Nd2 Re8 22. Ndxe4 dxe4 23. Qd5 Qxd5 24. Nxd5 Re6 25. Rc2 Raxb6 26. Nxb6 Rxb6 27. g3 Rb1+ 28. Kg2 b6 29. Rc8+ Nf8 30. Rb8 Rb5 1-0

[Event "Gatineau op-A"]
[Site "Gatineau CAN"]
[Date "2012.03.02"]
[Round "1"]
[White "Palsson, Halldor"]
[Black "Lebrun, Roger"]
[Result "1-0"]
[WhiteElo "2004"]
[BlackElo "1942"]
[PlyCount "129"]
[GameId "2160767909576114"]
[EventDate "2012.03.02"]
[EventType "swiss"]
[EventRounds "5"]
[EventCountry "CAN"]
[SourceTitle "EXT 2022"]
[Source "ChessBase"]
[SourceDate "2021.10.06"]
[SourceVersion "1"]
[SourceVersionDate "2021.10.06"]
[SourceQuality "1"]

1. d4 Nf6 2. c4 g6 3. Nc3 Bg7 4. e4 d6 5. f3 O-O 6. Be3 Nc6 7. Nge2 e5 8. d5 Nd4 9. Nxd4 exd4 10. Bxd4 c5 11. Be3 Re8 12. Bd3 a6 13. O-O Rb8 14. Bg5 h6 15. Bh4 g5 16. Bf2 Nd7 17. Re1 Ne5 18. Bf1 Bd7 19. a4 Qf6 20. Be3 Kh8 21. a5 Rg8 22. Na4 h5 23. Nb6 Be8 24. Rb1 h4 25. b4 cxb4 26. Rxb4 h3 27. c5 dxc5 28. Bxc5 Bb5 29. d6 hxg2 30. Bxg2 Nd3 31. Rxb5 Nxe1 32. Rb1 Nxg2 33. Kxg2 Qh6 34. Nd7 Rbd8 35. Rxb7 Qe6 36. Qd5 Qxd5 37. exd5 Bf8 38. Nxf8 Rgxf8 39. d7 Rg8 40. Bd4+ Kh7 41. Bf6 Kg6 42. Bxd8 Rxd8 43. Rb6+ Kf5 44. Rxa6 Rxd7 45. d6 Ke5 46. Rb6 f5 47. Kg3 Kd5 48. h4 gxh4+ 49. Kxh4 Ke5 50. Kg5 Rg7+ 51. Kh6 Rd7 52. Kg6 Ke6 53. f4 Ra7 54. a6 Kd5 55. Kxf5 Kc5 56. Rb7 Rxa6 57. d7 Rd6 58. Ke5 Rd1 59. Ke6 Kc6 60. Ra7 Re1+ 61. Kf7 Rd1 62. Ke7 Re1+ 63. Kd8 Kb6 64. Ra2 Rh1 65. Rd2 1-0

[Event "Gatineau op-A"]
[Site "Gatineau CAN"]
[Date "2012.03.02"]
[Round "1"]
[White "Wan, Kevin"]
[Black "Doubleday, William"]
[Result "0-1"]
[WhiteElo "1785"]
[BlackElo "2045"]
[PlyCount "72"]
[GameId "2160767909576115"]
[EventDate "2012.03.02"]
[EventType "swiss"]
[EventRounds "5"]
[EventCountry "CAN"]
[SourceTitle "EXT 2022"]
[Source "ChessBase"]
[SourceDate "2021.10.06"]
[SourceVersion "1"]
[SourceVersionDate "2021.10.06"]
[SourceQuality "1"]

1. e4 c5 2. Nf3 Nc6 3. d4 cxd4 4. Nxd4 Qb6 5. Nxc6 bxc6 6. Bd3 g6 7. O-O Bg7 8. c3 Nf6 9. Qe2 O-O 10. Be3 Qb8 11. Na3 d5 12. exd5 Ng4 13. g3 Nxe3 14. fxe3 cxd5 15. Rf2 h5 16. e4 d4 17. c4 Bh6 18. Rff1 Bh3 19. Rfb1 Qb7 20. Nc2 Rad8 21. b3 Bg4 22. Qg2 e5 23. h3 Be6 24. h4 Qc8 25. Nb4 Bh3 26. Qh2 Be3+ 27. Kh1 Qg4 28. Bf1 Qxe4+ 29. Bg2 Bxg2+ 30. Qxg2 Qxg2+ 31. Kxg2 d3 32. Rd1 e4 33. Nc6 Rd7 34. Re1 Bd4 35. Rad1 f5 36. Nxd4 Rxd4 0-1

[Event "Gatineau op-A"]
[Site "Gatineau CAN"]
[Date "2012.03.03"]
[Round "2"]
[White "Desjardins, Michel"]
[Black "Libersan, Mattieu"]
[Result "1-0"]
[WhiteElo "1861"]
[BlackElo "1882"]
[PlyCount "39"]
[GameId "2160767909576116"]
[EventDate "2012.03.02"]
[EventType "swiss"]
[EventRounds "5"]
[EventCountry "CAN"]
[SourceTitle "EXT 2022"]
[Source "ChessBase"]
[SourceDate "2021.10.06"]
[SourceVersion "1"]
[SourceVersionDate "2021.10.06"]
[SourceQuality "1"]

1. e4 d6 2. d4 Nf6 3. Nc3 g6 4. Be3 Bg7 5. Qd2 Ng4 6. Bg5 h6 7. Bh4 O-O 8. f4 c5 9. dxc5 dxc5 10. O-O-O Bd4 11. Kb1 Ne3 12. Re1 Nxf1 13. Rxf1 Nc6 14. Nge2 Qa5 15. f5 g5 16. Bxg5 hxg5 17. Nxd4 cxd4 18. Qxg5+ Kh7 19. Rf3 Bxf5 20. exf5 1-0

[Event "Gatineau op-A"]
[Site "Gatineau CAN"]
[Date "2012.03.03"]
[Round "2"]
[White "Doubleday, William"]
[Black "Cossette, Daniel"]
[Result "0-1"]
[WhiteElo "2045"]
[BlackElo "1983"]
[PlyCount "68"]
[GameId "2160767909576117"]
[EventDate "2012.03.02"]
[EventType "swiss"]
[EventRounds "5"]
[EventCountry "CAN"]
[SourceTitle "EXT 2022"]
[Source "ChessBase"]
[SourceDate "2021.10.06"]
[SourceVersion "1"]
[SourceVersionDate "2021.10.06"]
[SourceQuality "1"]

1. d4 d5 2. c4 e6 3. Nc3 c5 4. cxd5 exd5 5. Nf3 Nc6 6. g3 Nf6 7. Bg2 Be7 8. O-O O-O 9. dxc5 d4 10. Na4 Bf5 11. Bf4 Be4 12. Rc1 Qd5 13. Bd6 Bxd6 14. cxd6 b6 15. Nh4 Bxg2 16. Nxg2 Rfd8 17. Nf4 Qxd6 18. a3 Rac8 19. b4 Ne5 20. Nb2 b5 21. Qb3 Ne4 22. Rxc8 Rxc8 23. Qd5 Qxd5 24. Nxd5 Rc2 25. Nd3 Nc4 26. Nc5 Rxe2 27. Ne7+ Kf8 28. Nf5 Nxc5 29. bxc5 d3 30. Ne3 Nxe3 31. fxe3 d2 32. c6 Re1 33. c7 Rxf1+ 34. Kg2 Rc1 0-1

[Event "Gatineau op-A"]
[Site "Gatineau CAN"]
[Date "2012.03.03"]
[Round "2"]
[White "Gagnon, Serge"]
[Black "Hamilton, Robert"]
[Result "0-1"]
[WhiteElo "2025"]
[BlackElo "2319"]
[PlyCount "48"]
[GameId "2160767909576118"]
[EventDate "2012.03.02"]
[EventType "swiss"]
[EventRounds "5"]
[EventCountry "CAN"]
[SourceTitle "EXT 2022"]
[Source "ChessBase"]
[SourceDate "2021.10.06"]
[SourceVersion "1"]
[SourceVersionDate "2021.10.06"]
[SourceQuality "1"]

1. d4 Nf6 2. c4 e6 3. Nc3 Bb4 4. e3 O-O 5. Nge2 Re8 6. a3 Bf8 7. e4 d5 8. e5 Nfd7 9. c5 b6 10. b4 a5 11. Be3 f6 12. f4 fxe5 13. fxe5 axb4 14. axb4 Rxa1 15. Qxa1 bxc5 16. bxc5 Nc6 17. Qa4 Ncxe5 18. dxe5 Nxc5 19. Qc2 Nd7 20. Bf4 Bb4 21. Kf2 Rf8 22. Ke3 c5 23. Nb5 Qb6 24. Nd6 c4+ 0-1

[Event "Gatineau op-A"]
[Site "Gatineau CAN"]
[Date "2012.03.03"]
[Round "2"]
[White "Lebrun, Roger"]
[Black "Kalra, Agastya"]
[Result "1/2-1/2"]
[WhiteElo "1942"]
[BlackElo "1968"]
[PlyCount "55"]
[GameId "2160767909576119"]
[EventDate "2012.03.02"]
[EventType "swiss"]
[EventRounds "5"]
[EventCountry "CAN"]
[SourceTitle "EXT 2022"]
[Source "ChessBase"]
[SourceDate "2021.10.06"]
[SourceVersion "1"]
[SourceVersionDate "2021.10.06"]
[SourceQuality "1"]

1. e4 c5 2. d4 cxd4 3. c3 d3 4. Bxd3 e5 5. Nf3 Nc6 6. c4 Nf6 7. Nc3 Bc5 8. O-O O-O 9. a3 a5 10. Bg5 d6 11. Nd5 Bg4 12. h3 Bh5 13. g4 Bg6 14. Nh4 Nd4 15. b4 axb4 16. axb4 Rxa1 17. Qxa1 Bb6 18. Qa3 Ne6 19. Bxf6 gxf6 20. Kh2 Bd4 21. Qc1 Nc7 22. Nxc7 Qxc7 23. Qh6 Qe7 24. Nf5 Bxf5 25. gxf5 Kh8 26. Rg1 Rg8 27. Rxg8+ Kxg8 28. Kg2 1/2-1/2

[Event "Gatineau op-A"]
[Site "Gatineau CAN"]
[Date "2012.03.03"]
[Round "2"]
[White "Sadeghi, Saeid"]
[Black "Martin, Spencer"]
[Result "0-1"]
[WhiteElo "2051"]
[BlackElo "1912"]
[PlyCount "87"]
[GameId "2160767909576120"]
[EventDate "2012.03.02"]
[EventType "swiss"]
[EventRounds "5"]
[EventCountry "CAN"]
[SourceTitle "EXT 2022"]
[Source "ChessBase"]
[SourceDate "2021.10.06"]
[SourceVersion "1"]
[SourceVersionDate "2021.10.06"]
[SourceQuality "1"]

1. d4 Nf6 2. c4 e5 3. dxe5 Ng4 4. Nf3 Bc5 5. e3 Nc6 6. Be2 O-O 7. O-O Re8 8. a3 a5 9. Nc3 Ngxe5 10. Nxe5 Nxe5 11. Rb1 Ra6 12. b4 axb4 13. axb4 Bf8 14. f4 Rd6 15. Qc2 Nc6 16. e4 Nd4 17. Qb2 Nxe2+ 18. Qxe2 f5 19. c5 Rh6 20. Bd2 d6 21. cxd6 Rxd6 22. Be1 fxe4 23. Kh1 Kh8 24. f5 e3 25. Nb5 Rd5 26. Nc3 Rxf5 27. Rxf5 Bxf5 28. Rd1 Qg5 29. Rd4 Qg6 30. Nd1 Bd6 31. b5 h6 32. h3 Bc5 33. Rd5 b6 34. Nc3 Qe6 35. Bg3 Qf6 36. Kh2 Qxc3 37. Rxf5 Bd6 38. Bxd6 cxd6 39. Qh5 Qc8 40. Rf7 Qe6 41. Rf1 Qe5+ 42. Qxe5 Rxe5 43. Kg3 Rxb5 44. Kf3 0-1

[Event "Gatineau op-A"]
[Site "Gatineau CAN"]
[Date "2012.03.03"]
[Round "2"]
[White "Upper, John"]
[Black "Palsson, Halldor"]
[Result "1-0"]
[WhiteElo "2233"]
[BlackElo "2004"]
[PlyCount "39"]
[GameId "2160767909576121"]
[EventDate "2012.03.02"]
[EventType "swiss"]
[EventRounds "5"]
[EventCountry "CAN"]
[SourceTitle "EXT 2022"]
[Source "ChessBase"]
[SourceDate "2021.10.06"]
[SourceVersion "1"]
[SourceVersionDate "2021.10.06"]
[SourceQuality "1"]

1. d4 d5 2. c4 e6 3. Nc3 c6 4. Nf3 dxc4 5. a4 Bb4 6. e3 b5 7. Rb1 Nf6 8. Be2 a5 9. O-O Bd7 10. Qc2 O-O 11. e4 Na6 12. e5 Nd5 13. Ng5 f5 14. exf6 Nxf6 15. Nce4 g6 16. b3 cxb3 17. Rxb3 Nc7 18. Nxf6+ Qxf6 19. Rh3 Rf7 20. Rf3 1-0

[Event "Gatineau op-A"]
[Site "Gatineau CAN"]
[Date "2012.03.03"]
[Round "2"]
[White "Wan, Kevin"]
[Black "Donev, Danail"]
[Result "1-0"]
[WhiteElo "1785"]
[BlackElo "1922"]
[PlyCount "86"]
[GameId "2160767909576122"]
[EventDate "2012.03.02"]
[EventType "swiss"]
[EventRounds "5"]
[EventCountry "CAN"]
[SourceTitle "EXT 2022"]
[Source "ChessBase"]
[SourceDate "2021.10.06"]
[SourceVersion "1"]
[SourceVersionDate "2021.10.06"]
[SourceQuality "1"]

1. e4 c5 2. Nf3 d6 3. d4 cxd4 4. Nxd4 Nf6 5. Nc3 a6 6. Bg5 e6 7. f4 Qc7 8. Qf3 Nbd7 9. O-O-O b5 10. Bd3 Bb7 11. Rhe1 Be7 12. Qg3 O-O-O 13. e5 dxe5 14. fxe5 Nh5 15. Qh4 Bxg5+ 16. Qxg5 g6 17. Ndxb5 axb5 18. Nxb5 Qa5 19. Nd6+ Kb8 20. Nxf7 Nc5 21. Nxh8 Rxh8 22. Kb1 Nxd3 23. cxd3 Bd5 24. b3 Qb4 25. Qd2 Qd4 26. Qb2 Qxb2+ 27. Kxb2 Bxg2 28. Rd2 Nf4 29. Rg1 Bh3 30. b4 Bf5 31. d4 h6 32. a4 g5 33. b5 Rc8 34. Rg3 g4 35. a5 h5 36. b6 h4 37. Rb3 Nd5 38. b7 Rc6 39. Re2 Nc7 40. Re1 Ra6 41. Rc1 Be4 42. Rxc7 Rc6 43. Rxc6 Bxc6 1-0

[Event "Gatineau op-A"]
[Site "Gatineau CAN"]
[Date "2012.03.03"]
[Round "3"]
[White "Desjardins, Michel"]
[Black "Upper, John"]
[Result "0-1"]
[WhiteElo "1861"]
[BlackElo "2233"]
[PlyCount "87"]
[GameId "2160767909576123"]
[EventDate "2012.03.02"]
[EventType "swiss"]
[EventRounds "5"]
[EventCountry "CAN"]
[SourceTitle "EXT 2022"]
[Source "ChessBase"]
[SourceDate "2021.10.06"]
[SourceVersion "1"]
[SourceVersionDate "2021.10.06"]
[SourceQuality "1"]

1. e4 e6 2. d4 d5 3. e5 c5 4. c3 Qb6 5. Nf3 Nc6 6. a3 c4 7. Nbd2 Bd7 8. b3 cxb3 9. Nxb3 Rc8 10. Bd2 f6 11. Bd3 Na5 12. Nxa5 Qxa5 13. O-O Qc7 14. Qe2 f5 15. Rfc1 Ne7 16. c4 Bc6 17. Ng5 Qd7 18. Bb4 dxc4 19. Bxc4 Nd5 20. g3 Bxb4 21. axb4 a6 22. b5 Bxb5 23. Bxb5 Rxc1+ 24. Rxc1 axb5 25. Rc5 b6 26. Rxd5 Qxd5 27. Qh5+ g6 28. Qh6 Qd7 29. h4 Qe7 30. h5 Qf8 31. Qxf8+ Kxf8 32. Nxe6+ Kf7 33. d5 b4 34. Nd4 Rc8 35. d6 Rc1+ 36. Kg2 Rd1 37. e6+ Kf8 38. e7+ Kf7 39. Nb5 b3 40. Nc7 Re1 41. Nd5 b2 42. d7 b1=Q 43. hxg6+ hxg6 44. d8=N+ 0-1

[Event "Gatineau op-A"]
[Site "Gatineau CAN"]
[Date "2012.03.03"]
[Round "3"]
[White "Donev, Danail"]
[Black "Sadeghi, Saeid"]
[Result "0-1"]
[WhiteElo "1922"]
[BlackElo "2051"]
[PlyCount "104"]
[GameId "2160767909576124"]
[EventDate "2012.03.02"]
[EventType "swiss"]
[EventRounds "5"]
[EventCountry "CAN"]
[SourceTitle "EXT 2022"]
[Source "ChessBase"]
[SourceDate "2021.10.06"]
[SourceVersion "1"]
[SourceVersionDate "2021.10.06"]
[SourceQuality "1"]

1. e4 c5 2. Nc3 e6 3. g3 Nc6 4. Bg2 Nge7 5. Nge2 d5 6. exd5 Nxd5 7. O-O Be7 8. Nxd5 exd5 9. d4 cxd4 10. Nxd4 O-O 11. c3 Bf6 12. Be3 Ne5 13. b3 Re8 14. Ne2 Ng4 15. Bd4 Be6 16. Re1 Bxd4 17. Qxd4 Qf6 18. h3 Qxd4 19. Nxd4 Nf6 20. Nxe6 fxe6 21. f4 Rac8 22. Rac1 Rc5 23. Re2 Kf7 24. a4 a5 25. c4 b6 26. Rec2 Rec8 27. Bf1 Ke7 28. Bd3 Kd6 29. Kf2 h6 30. Ke3 Nd7 31. cxd5 exd5 32. Rxc5 bxc5 33. Bb5 Re8+ 34. Kf3 Re7 35. Rc2 Nf8 36. f5 Nh7 37. h4 d4 38. Re2 Rxe2 39. Bxe2 Ke5 40. g4 Nf6 41. Bc4 Ne4 42. Be6 d3 43. Ke3 d2 44. Ke2 Kd4 45. g5 hxg5 46. hxg5 Kc3 47. f6 gxf6 48. g6 Kc2 49. g7 d1=Q+ 50. Ke3 Qd4+ 51. Kf3 Ng5+ 52. Kg3 Qe3+ 0-1

[Event "Gatineau op-A"]
[Site "Gatineau CAN"]
[Date "2012.03.03"]
[Round "3"]
[White "Doubleday, William"]
[Black "Gagnon, Serge"]
[Result "1/2-1/2"]
[WhiteElo "2045"]
[BlackElo "2025"]
[PlyCount "39"]
[GameId "2160767909576125"]
[EventDate "2012.03.02"]
[EventType "swiss"]
[EventRounds "5"]
[EventCountry "CAN"]
[SourceTitle "EXT 2022"]
[Source "ChessBase"]
[SourceDate "2021.10.06"]
[SourceVersion "1"]
[SourceVersionDate "2021.10.06"]
[SourceQuality "1"]

1. d4 d6 2. Nf3 g6 3. g3 Bg7 4. Bg2 Nc6 5. O-O e5 6. dxe5 Nxe5 7. Nxe5 Bxe5 8. Nd2 Ne7 9. c3 O-O 10. Ne4 Bd7 11. Bh6 Re8 12. Bg5 Bc6 13. Nf6+ Bxf6 14. Bxf6 Bxg2 15. Kxg2 Qd7 16. e4 Qe6 17. Qf3 Nc6 18. Rfe1 Ne5 19. Bxe5 dxe5 20. b3 1/2-1/2

[Event "Gatineau op-A"]
[Site "Gatineau CAN"]
[Date "2012.03.03"]
[Round "3"]
[White "Hamilton, Robert"]
[Black "Cossette, Daniel"]
[Result "1-0"]
[WhiteElo "2319"]
[BlackElo "1983"]
[PlyCount "87"]
[GameId "2160767909576126"]
[EventDate "2012.03.02"]
[EventType "swiss"]
[EventRounds "5"]
[EventCountry "CAN"]
[SourceTitle "EXT 2022"]
[Source "ChessBase"]
[SourceDate "2021.10.06"]
[SourceVersion "1"]
[SourceVersionDate "2021.10.06"]
[SourceQuality "1"]

1. d4 d5 2. Nf3 e6 3. c4 c5 4. cxd5 exd5 5. Nc3 Nc6 6. Bg5 Be7 7. Bxe7 Ngxe7 8. e3 O-O 9. Qd2 Bg4 10. dxc5 Qa5 11. Nb5 Qxd2+ 12. Nxd2 Rac8 13. Nb3 a5 14. Be2 Bxe2 15. Kxe2 a4 16. N3d4 Nb4 17. Rhc1 Na6 18. Nd6 Rxc5 19. Nxb7 Rxc1 20. Rxc1 Rb8 21. Nc6 Rxb7 22. Nxe7+ Kf8 23. Nxd5 Rxb2+ 24. Kf3 g6 25. a3 Rb5 26. Rc8+ Kg7 27. Ra8 Nc5 28. Nc7 Rb2 29. g4 Kf6 30. Nd5+ Ke5 31. Nb4 Rb3 32. Ra5 Kd6 33. Na6 Nd3 34. Rxa4 Ne1+ 35. Kf4 Nc2 36. Rc4 Nxa3 37. Rd4+ Ke7 38. Nb4 Rb2 39. Kg3 Nb5 40. Nc6+ Kf6 41. Rd7 Ke6 42. Rb7 Kd5 43. Nd4 Kc4 44. g5 1-0

[Event "Gatineau op-A"]
[Site "Gatineau CAN"]
[Date "2012.03.03"]
[Round "3"]
[White "Libersan, Mattieu"]
[Black "Lebrun, Roger"]
[Result "1-0"]
[WhiteElo "1882"]
[BlackElo "1942"]
[PlyCount "77"]
[GameId "2160767909576127"]
[EventDate "2012.03.02"]
[EventType "swiss"]
[EventRounds "5"]
[EventCountry "CAN"]
[SourceTitle "EXT 2022"]
[Source "ChessBase"]
[SourceDate "2021.10.06"]
[SourceVersion "1"]
[SourceVersionDate "2021.10.06"]
[SourceQuality "1"]

1. e4 e6 2. d4 d5 3. Nc3 Nf6 4. Bg5 Bb4 5. e5 h6 6. Bd2 Bxc3 7. bxc3 Ne4 8. Qg4 Kf8 9. Bd3 Nxd2 10. Kxd2 Qg5+ 11. Qxg5 hxg5 12. g4 c5 13. Nf3 c4 14. Be2 f6 15. h4 gxh4 16. Nxh4 Kf7 17. f4 Nd7 18. Nf5 Rxh1 19. Nd6+ Kg8 20. Rxh1 Nf8 21. f5 b6 22. g5 exf5 23. gxf6 Be6 24. Bf3 Rb8 25. Rg1 g6 26. Nxf5 Bxf5 27. Bxd5+ Be6 28. Bxe6+ Nxe6 29. Rxg6+ Kf8 30. Rh6 Kg8 31. Ke3 Rd8 32. Ke4 Rd7 33. Kf5 Nc7 34. e6 Rd5+ 35. Ke4 Rg5 36. f7+ Kg7 37. Rh7+ Kxh7 38. f8=Q Rg4+ 39. Kf3 1-0

[Event "Gatineau op-A"]
[Site "Gatineau CAN"]
[Date "2012.03.03"]
[Round "3"]
[White "Palsson, Halldor"]
[Black "Wan, Kevin"]
[Result "1/2-1/2"]
[WhiteElo "2004"]
[BlackElo "1785"]
[PlyCount "97"]
[GameId "2160767909576128"]
[EventDate "2012.03.02"]
[EventType "swiss"]
[EventRounds "5"]
[EventCountry "CAN"]
[SourceTitle "EXT 2022"]
[Source "ChessBase"]
[SourceDate "2021.10.06"]
[SourceVersion "1"]
[SourceVersionDate "2021.10.06"]
[SourceQuality "1"]

1. d4 d5 2. c4 e6 3. Nc3 Nf6 4. Bg5 c6 5. e3 Nbd7 6. Nf3 Bd6 7. Qc2 O-O 8. O-O-O a6 9. Bd3 h6 10. h4 b5 11. c5 Bc7 12. g4 e5 13. dxe5 Bxe5 14. Nxe5 Nxe5 15. Bxf6 Qxf6 16. g5 Nxd3+ 17. Qxd3 Qg6 18. gxh6 Qxd3 19. Rxd3 gxh6 20. Rg1+ Kh7 21. Rd4 f5 22. Ne2 Bd7 23. Nf4 Rg8 24. Rdd1 Rae8 25. Nh5 Rg6 26. Rxg6 Kxg6 27. Nf4+ Kf7 28. Rg1 Re4 29. h5 d4 30. Kd2 dxe3+ 31. fxe3 Re5 32. Rg6 Rxc5 33. Rxh6 Re5 34. Rh7+ Ke8 35. Rh8+ Kf7 36. Ra8 Re8 37. Rxa6 Kf6 38. Ra7 Rd8 39. Kc3 Kg5 40. Rc7 Re8 41. Kd3 Rd8 42. Ke2 Kh6 43. a3 Be8 44. b4 Rd6 45. Kf3 Bxh5+ 46. Nxh5 Kxh5 47. Kf4 Kg6 48. Ke5 Rd3 49. Kf4 1/2-1/2